LEADER 00680nam a2200205 i 4500 001 000000130239 003 CaOOAMICUS 005 20170829000000.0 008 170829s1992 xxu u000 u eng u 013 $a102973 020 $a0-385-19351-3 040 $aSeMil$bita 245 10$aA-C. 300 $alxxviii, 1232 p. + [1] all. 773 0 $tAnchor Bible Dictionary.$dNew York [etc.] : Doubleday, 1992.$g1$w()12299 850 $aSeMil 852 $aSeMil$W1$xVenegono$y1$mSL1.R III 15$j84296$B84296$CSeMilBibl$Z2$F88023 $8I 961 $aSottoscrizione: DEA 996 $6020$a0-385-19351-3$9(OLS)http://semarc/number/117116 996 $6245$aA-C$9(OLS)http://semarc/title/47896 LEADER 00580nam a2200169 i 4500 001 000000141110 003 CaOOAMICUS 005 20050705000000.0 008 050705n it u000 u ita u 013 $a115365 040 $aSeMil$bita 245 10$aNel tempo della lotta :$b1914-1926. 300 $a841 p. 773 0 $t2000 Pagine di Gramsci.$dMilano : Il Saggiatore, 1964.$gVolume1$w()13831 850 $aSeMil 852 $aSeMil$W1$xVenegono$y1$m68 24 54.1 *$j94364$B94364$CSeMilBibl$Z2$F99894 $81 996 $6245$aNel tempo della lotta :$b1914-1926$9(OLS)http://semarc/title/206206